000 00259nam a2200121Ia 4500
100 _a#N/A
650 _aComputer/ IT
942 _cBK
654 _aOCA
245 _aOCA Oracle Database 11 gSQL Fundamentals 1 exam guide
260 _b#N/A
546 _aENGLISH
999 _c19502
_d19502